Scene technology /

Guardat en:
Dades bibliogràfiques
Autor principal: Arnold, Richard L., 1928-
Format: Llibre
Idioma:English
Publicat: Englewood Cliffs, N.J. : Prentice Hall, c1994.
Edició:3rd ed.
Matèries:
LEADER 01081cam a2200301 a 4500
001 c000395688
003 CARM
005 20140121150603.0
008 140121s1994 njua b 001 0 eng d
010 |a 93016748 
019 1 |a 9906926  |5 LACONCORD2021 
020 |a 013501073X (hbk.) 
035 |a (OCoLC)27728166  |5 LACONCORD2021 
040 |a LC  |b eng  |c LC  |d LC 
050 0 |a PN2091.S8  |b A7 1994 
082 0 4 |a 792.025  |2 20 
100 1 |a Arnold, Richard L.,  |d 1928- 
245 1 0 |a Scene technology /  |c Richard L. Arnold. 
250 |a 3rd ed. 
260 |a Englewood Cliffs, N.J. :  |b Prentice Hall,  |c c1994. 
300 |a x, 372 p. :  |b ill. ;  |c 25 cm. 
504 |a Includes bibliographical references and index. 
650 0 |a Theaters  |x Stage-setting and scenery. 
852 8 |b CARM  |p 0557432  |f BK 
852 8 |b SCAN  |h A3:AH15F0  |i C12984  |p 0557432  |f BK 
999 f f |i 32658414-2912-5b97-b5bf-1fa400052501  |s bcc03ea9-5352-5234-9b64-6f553d5b8aa1 
952 f f |p Can circulate  |a CAVAL  |b CAVAL  |c CAVAL  |d CARM 1 Store  |i book  |m 0557432 
952 f f |a CAVAL  |b CAVAL  |c CAVAL  |d Unmapped Location  |e C12984  |f A3:AH15F0  |h Other scheme